000 00298nam a2200133Ia 4500
100 _aKrasnov/Kiselev
942 _cBK
654 _aIntegral Equations
245 _aProblems & Exercices in integral Equations
260 _bMir Publishers
082 _a515
300 _a214
546 _aENGLISH
999 _c33215
_d33215